Kapitalistická reprodukce a hospodářské krise
Salvato in:
| Autore principale: | |
|---|---|
| Natura: | Libro |
| Lingua: | ceco |
| Pubblicazione: |
Praha
Státní nakladatelství politické literatury
1956
|
| Serie: | Velká knihovna politické ekonomie
sv. 31 |
| Tags: |
Nessun Tag, puoi essere il primo ad aggiungerne!!
|
MARC
| LEADER | 00000nam a2200000 4500 | ||
|---|---|---|---|
| 001 | c123110 | ||
| 005 | 20250513113942.9 | ||
| 041 | 0 | |a cze | |
| 044 | |a CZ | ||
| 245 | 1 | 0 | |a Kapitalistická reprodukce a hospodářské krise |c I.A. Trachtenberg ; [Z rus. orig. přel. M. Šmejkal] |
| 264 | 1 | |a Praha |b Státní nakladatelství politické literatury |c 1956 | |
| 300 | |a 189 s. | ||
| 490 | 1 | |a Velká knihovna politické ekonomie |v sv. 31 | |
| 830 | 0 | |a Velká knihovna politické ekonomie |v sv. 31 | |
| 100 | 1 | |a Trachtenberg, I.A. | |